1104 1171 1326 1134 1493 1394 1088 1910 1985 1987 1908 1113 1657 1776 1851 1508 1145 1833 1904 1629 1641 1120 1293 1961 1082 1041 1882 1008 1074 1583 1130 1882 1771 1748 1682 1070 1399 1051 1220 1970 1960 1292 1166 1379 1084 1165 1053 1491 1761 1497 1615 1765 1758 1706 1828 1280 1687 1628 1874 1093 1970 1173 1306 1846 1904 1509 1910 1533 1090 1645 1916 1705 1498 1456 1340 1330 1809 1333 1168 1181 1522 1591 1966 1098 1363 1974 1668 1882 1011 1539 1887 1662 1372 1810 1173 1612 1683 1125 1327 BCNSPRNW ULIB Ver.6.0+V

เปลี่ยนเป็นภาษาไทย

Change to English
 แสดงรายละเอียดบรรณานุกรม
  กลับหน้าหลัก

Brief Record : Get Marc (ISO 2709) : E-mail record : QR code < ปิดหน้าต่าง
LEADER : 00000nam 2200000uu 4500
001    13399124832
003     ULIB
008    160403s2559||||th 000 0 tha d
020    ^a9786169160946
060    ^aWS200^bว844U
100    ^aวีระชัย วัฒนวีรเดช
245    ^aUPDATE ON PEDIATRIC INFECTIOUS DISEASES 2016./^cวีระชัย วัฒนวีรเดช ,กุลกัญญา โชคไพบูลย์กิจ:บรรณาธิการ
250    ^aพิมพ์ครั้งที่ 1
260    ^aกรุงเทพฯ :^bสมาคมโรคติดเชื้อในเด็กแห่งประเทศไทย,^c2559
300    ^a284 หน้า;^b26.5 ซม.
650    ^aโรคติดเชื้อในเด็ก
700    ^aกุลกัญญา โชคไพบูลย์กิจ
710    ^aสมาคมโรคติดเชื้อในเด็กแห่งประเทศไทย
945    ^p500^l0^i000456
945    ^p500^l0^i000457
945    ^p500^l0^i000458
945    ^p500^l0^i000459
999    ^aเกษร โพธิ์สุวรรณ
รายการนี้ยังไม่มีแท็ก
คุณยังไม่ได้ล็อกอิน คุณสามารถมีกิจกรรมร่วมกับเว็บไซต์ได้ แต่ต้องล็อกอินก่อน ::
  ล็อกอิน

รายการสื่อสารสนเทศ

ลำดับที่ ประเภท เลขเรียก/บาร์โค้ด สถานที่ สถานะ
1. Book การพยาบาล
Book การพยาบาล
สถานะ=หนังสือเก่า
WS200 ว844U ฉ.1 
  Barcode: 000456
ห้องสมุดวิทยาเขตสวรรค์ประชารักษ์
►ส่วนจัดเก็บหนังสือเก่า สปร
บนชั้น
  ขอยืม
2. Book การพยาบาล
Book การพยาบาล
สถานะ=หนังสือเก่า
WS200 ว844U ฉ.2 
  Barcode: 000457
ห้องสมุดวิทยาเขตสวรรค์ประชารักษ์
►ส่วนจัดเก็บหนังสือเก่า สปร
บนชั้น
  ขอยืม
3. Book การพยาบาล
Book การพยาบาล
สถานะ=หนังสือเก่า
WS200 ว844U ฉ.3 
  Barcode: 000458
ห้องสมุดวิทยาเขตสวรรค์ประชารักษ์
►ส่วนจัดเก็บหนังสือเก่า สปร
บนชั้น
  ขอยืม
4. Book การพยาบาล
Book การพยาบาล
สถานะ=หนังสือเก่า
WS200 ว844U ฉ.4 
  Barcode: 000459
ห้องสมุดวิทยาเขตสวรรค์ประชารักษ์
►ส่วนจัดเก็บหนังสือเก่า สปร
บนชั้น
  ขอยืม

รายการใกล้เคียง
    ผู้แต่ง [วีระชัย วัฒนวีรเดช]

    หัวเรื่อง [โรคติดเชื้อในเด็ก]

BibComment


ยังไม่เคยถูกคอมเมนท์

คอมเมนท์ทรัพยากรรายการนี้
  คอมเมนท์: UPDATE ON PEDIAT..


 Copyright 2026. Bcnsprnw @Library